000 00656nam a2200229Ia 4500
003 BUBTL
008 151213s9999 xx 000 0 und d
020 _a0030244013
082 _a658.848/C998i/1997
100 _a Czinkota,Michael R.
_94306
245 _aInternational marketing
_cMichael R.czinkota/Ilkka A. Ronkainer
250 _a5th
260 _bDryden
_aWashington
_cc1997
300 _a[xxix],860p.:
_bTabile,Mape ; 25cm.
500 _aIncludes index
650 _aMarketing
_92710
650 _aMarketing
_92710
700 _aM. C. Ezinkota
_92711
856 _k0
_l0
_yDownload
942 _2ddc
_cBK
999 _c1785
_d1785